Detekcia bežných objektov pomocou konvolučných neurónových sietí
Guardado en:
| Autor principal: | |
|---|---|
| Otros Autores: | |
| Formato: | Manuscrito Libro |
| Lenguaje: | eslovaco |
| Publicado: |
2019
|
| Materias: | |
| Acceso en línea: | http://is.stuba.sk/zp/portal_zp.pl?podrobnosti=145510 |
| Etiquetas: |
Sin Etiquetas, Sea el primero en etiquetar este registro!
|
MARC
| LEADER | 00000ntm a22000003a 4500 | ||
|---|---|---|---|
| 001 | stuzp75038 | ||
| 003 | SK-STU | ||
| 005 | 20200625164731.4 | ||
| 007 | ta | ||
| 008 | 150427s2015----xo-----f-mn---000-0-slo-d | ||
| 040 | |a STU |b slo | ||
| 041 | 0 | |a slo | |
| 044 | |a xo | ||
| 100 | 1 | |a Válka, Peter |u 070400 |k Z4 |4 aut |U FIIT Fakulta informatiky a informačných technológií |T FIIT Ústav počítačového inžinierstva a aplikovanej informatiky |X 74334 |U I400 |Y 672 |7 74334 | |
| 242 | 0 | 1 | |a Common object detection with convolutional neural network |y eng |
| 245 | 1 | 0 | |a Detekcia bežných objektov pomocou konvolučných neurónových sietí |
| 260 | |c 2019 | ||
| 650 | 4 | |a konvolúcia |2 slo | |
| 650 | 4 | |a strojové videnie |2 slo | |
| 650 | 4 | |a Tensorflow |2 slo | |
| 650 | 4 | |a neurónové siete |2 slo | |
| 650 | 4 | |a convolution |2 eng | |
| 650 | 4 | |a neural network |2 eng | |
| 650 | 4 | |a Tensorflow |2 eng | |
| 650 | 4 | |a computer vision |2 eng | |
| 700 | 1 | |a Malík, Peter |4 ths |X 18626 |7 18626 | |
| 856 | 4 | |u http://is.stuba.sk/zp/portal_zp.pl?podrobnosti=145510 | |
| 996 | |c I*DP101/19 |l II680 |s P |a 0 |w stuzp75038_0001 | ||